[Event "Titled Tuesday intern op 04th Feb Early"]
[Site "Chess.com INT"]
[Date "2025.02.04"]
[Round "10"]
[White "Sari, Yasin"]
[Black "Injac, Teodora"]
[Result "0-1"]
[WhiteElo "2343"]
[BlackElo "2454"]
[PlyCount "94"]
[EventDate "2025.02.04"]
[EventType "swiss (blitz)"]
[EventRounds "11"]
[EventCountry "USA"]
[SourceTitle "CB07_2025"]
[SourceDate "2025.02.12"]
[SourceVersion "1"]
[SourceVersionDate "2025.02.12"]
[SourceQuality "1"]

1. c4 g6 2. Nc3 Bg7 3. d4 Nf6 4. e4 d6 5. Nf3 0-0 6. Be2 Na6 7. 0-0 e5 8. Re1 Re8 9. Bf1 Bg4 10. d5 Rf8 11. Be3 Nc5 12. h3 Bxf3 13. Qxf3 a5 14. b3 Kh8 15. Bg5 h6 16. Bh4 Ncd7 17. Nd1 Qe8 18. g4 Nh7 19. Ne3 Bf6 20. Bg3 Qe7 21. Bd3 Nc5 22. Bc2 Bh4 23. Bxh4 Qxh4 24. Qg3 Qxg3+ 25. fxg3 Ng5 26. Nd1 Nf3+ 27. Kf2 Nxe1 28. Kxe1 Kg7 29. Ke2 c6 30. Ne3 Na6 31. a3 Rfd8 32. Rd1 Nc7 33. h4 cxd5 34. Nxd5 Nxd5 35. Rxd5 Kf6 36. Rb5 Rd7 37. Ke3 Ke7 38. Bd3 Rc7 39. Be2 Ra7 40. Bf1 Rc5 41. Rb6 Kd7 42. b4 axb4 43. axb4 Rc6 44. Rb5 Ra3+ 45. Kf2 Kc7 46. Be2 Rb6 47. Rxb6 Kxb6 0-1

[Event "Titled Tuesday intern op 04th Feb Early"]
[Site "Chess.com INT"]
[Date "2025.02.04"]
[Round "8"]
[White "Ternault, Mathieu"]
[Black "Sari, Yasin"]
[Result "0-1"]
[WhiteElo "2294"]
[BlackElo "2343"]
[PlyCount "68"]
[EventDate "2025.02.04"]
[EventType "swiss (blitz)"]
[EventRounds "11"]
[EventCountry "USA"]
[SourceTitle "CB07_2025"]
[SourceDate "2025.02.12"]
[SourceVersion "1"]
[SourceVersionDate "2025.02.12"]
[SourceQuality "1"]

1. d4 d5 2. Bg5 h6 3. Bh4 c6 4. Nc3 Qb6 5. Qd2 e6 6. 0-0-0 Ne7 7. e4 dxe4 8. Bxe7 Bxe7 9. Nxe4 Qb4 10. c3 Qa5 11. Kb1 e5 12. dxe5 Qxe5 13. Bd3 0-0 14. f4 Qa5 15. Nf3 Be6 16. b3 Nd7 17. Nd4 Bd5 18. c4 Bb4 19. Qc2 Bxe4 20. Bxe4 Nf6 21. Bf3 Rfe8 22. g4 Re3 23. g5 hxg5 24. fxg5 Qxg5 25. Rhg1 Qf4 26. Bh1 Bf8 27. Rgf1 Qg4 28. Nf5 Re2 29. Qd3 Rxh2 30. Rg1 Qh5 31. Be4 Nxe4 32. Qxe4 Rf2 33. Ne7+ Bxe7 34. Qxe7 Qf5+ 0-1

[Event "Titled Tuesday intern op 14th Jan Early"]
[Site "Chess.com INT"]
[Date "2025.01.14"]
[Round "4"]
[White "Sari, Yasin"]
[Black "Kim, Sergey2"]
[Result "0-1"]
[WhiteElo "2325"]
[BlackElo "2295"]
[PlyCount "120"]
[EventDate "2025.01.14"]
[EventType "swiss (blitz)"]
[EventRounds "11"]
[EventCountry "USA"]
[SourceTitle "CB04_2025"]
[SourceDate "2025.01.22"]
[SourceVersion "1"]
[SourceVersionDate "2025.01.22"]
[SourceQuality "1"]

1. c4 Nf6 2. Nf3 g6 3. Nc3 Bg7 4. e4 d6 5. d4 0-0 6. Be2 e5 7. 0-0 exd4 8. Nxd4 Re8 9. f3 Nbd7 10. Re1 c6 11. Bf1 a5 12. Be3 Nc5 13. Qc2 a4 14. Rad1 Qa5 15. b3 Nfd7 16. Rb1 axb3 17. axb3 Qb4 18. Red1 Nf8 19. Na2 Qa3 20. Nc3 Qb4 21. Na2 Qa5 22. Ra1 Qc7 23. Nc3 Rxa1 24. Rxa1 Nfe6 25. Nde2 Qb6 26. Rb1 Qb4 27. Bd2 Nd4 28. Nxd4 Bxd4+ 29. Kh1 Qb6 30. b4 Ne6 31. Ne2 Be5 32. f4 Bg7 33. Qd3 Qf2 34. Be3 Qh4 35. g3 Qh5 36. Ng1 Rd8 37. Be2 Qh6 38. f5 Ng5 39. Nf3 f6 40. Qd2 Re8 41. Nxg5 fxg5 42. Bxg5 Qh3 43. Bf3 gxf5 44. Bg2 Qh5 45. Re1 fxe4 46. Rxe4 Rf8 47. Rf4 Bf5 48. h4 Qg6 49. Bf3 h6 50. Be7 Rf7 51. Qxd6 Qxg3 52. Qd8+ Kh7 53. Rxf5 Rxf5 54. Be4 Qh3+ 55. Kg1 Qf1+ 56. Kh2 Qe2+ 57. Bg2 Be5+ 58. Kh3 Qe3+ 59. Kg4 Qf4+ 60. Kh3 Qg3# 0-1

[Event "Rilton Cup 52nd"]
[Site "Stockholm"]
[Date "2024.12.31"]
[Round "5"]
[White "Sari, Yasin"]
[Black "Amin, Bassem"]
[Result "0-1"]
[WhiteElo "2343"]
[BlackElo "2652"]
[PlyCount "78"]
[EventDate "2024.12.27"]
[EventType "swiss"]
[EventRounds "9"]
[EventCountry "SWE"]
[SourceTitle "CB02_2025"]
[SourceDate "2025.01.08"]
[SourceVersion "1"]
[SourceVersionDate "2025.01.08"]
[SourceQuality "1"]

1. c4 Nf6 2. Nf3 g6 3. Nc3 Bg7 4. e4 d6 5. d4 0-0 6. Be2 Nbd7 7. 0-0 e5 8. Re1 c6 9. Bf1 a6 10. dxe5 dxe5 11. Be3 Qe7 12. Qc2 Ng4 13. Bg5 f6 14. Bd2 f5 15. h3 Nh6 16. Bg5 Qe6 17. exf5 gxf5 18. Rad1 Nf7 19. Bh4 e4 20. Nd4 Qg6 21. Re3 Nde5 22. f4 exf3 23. Nxf3 Qh6 24. Qf2 f4 25. Ree1 Nxf3+ 26. gxf3 Ne5 27. Bg2 Nxc4 28. Be7 Re8 29. Qc5 Ne3 30. Rd6 Be6 31. Bg5 Qg6 32. Ne4 Nxg2 33. Kxg2 h6 34. h4 hxg5 35. Nxg5 Qf5 36. Rdxe6 Qxc5 37. Rxe8+ Rxe8 38. Rxe8+ Bf8 39. Rxf8+ Qxf8 0-1

[Event "Rilton Cup 52nd"]
[Site "Stockholm"]
[Date "2024.12.28"]
[Round "2"]
[White "Kantans, Toms"]
[Black "Sari, Yasin"]
[Result "1-0"]
[WhiteElo "2495"]
[BlackElo "2343"]
[PlyCount "97"]
[EventDate "2024.12.27"]
[EventType "swiss"]
[EventRounds "9"]
[EventCountry "SWE"]
[SourceTitle "CB02_2025"]
[SourceDate "2025.01.08"]
[SourceVersion "1"]
[SourceVersionDate "2025.01.08"]
[SourceQuality "1"]

1. e4 c5 2. Nf3 d6 3. d4 cxd4 4. Nxd4 Nf6 5. Nc3 g6 6. Be3 Nc6 7. f3 h5 8. Qd2 Nxd4 9. Bxd4 Bh6 10. Bb5+ Bd7 11. Qd3 Bc6 12. 0-0 0-0 13. Rad1 Qa5 14. Bc4 Kg7 15. f4 e5 16. fxe5 dxe5 17. Rxf6 Kxf6 18. b4 Qc7 19. Qg3 Rae8 20. b5 Qe7 21. Qf2+ Kg7 22. Bc5 Qc7 23. bxc6 bxc6 24. Bxf8+ Rxf8 25. Qc5 Bg5 26. Nb5 Qb6 27. Qxb6 axb6 28. Nd6 Be3+ 29. Kf1 b5 30. Bb3 f5 31. Ke2 Bd4 32. exf5 gxf5 33. Rf1 f4 34. Rd1 h4 35. Kf3 Kg6 36. Ne4 b4 37. Kg4 h3 38. g3 fxg3 39. Nxg3 Rh8 40. Rf1 c5 41. Ne4 Be3 42. Rf6+ Kg7 43. Rf7+ Kg6 44. Rc7 Bg1 45. Bf7+ Kh6 46. Nd6 e4 47. Nf5+ Kh7 48. Bh5+ Kg8 49. Bg6 1-0

[Event "Rilton Cup 52nd"]
[Site "Stockholm"]
[Date "2024.12.27"]
[Round "1"]
[White "Sari, Yasin"]
[Black "Ljung, Harald"]
[Result "1-0"]
[WhiteElo "2343"]
[BlackElo "2173"]
[PlyCount "89"]
[EventDate "2024.12.27"]
[EventType "swiss"]
[EventRounds "9"]
[EventCountry "SWE"]
[SourceTitle "CB02_2025"]
[SourceDate "2025.01.08"]
[SourceVersion "1"]
[SourceVersionDate "2025.01.08"]
[SourceQuality "1"]

1. c4 Nf6 2. Nf3 e6 3. g3 d5 4. Bg2 Be7 5. 0-0 0-0 6. b3 c6 7. Bb2 Nbd7 8. d3 a5 9. a3 b5 10. Nbd2 Ba6 11. Qc2 Qb6 12. Rfc1 Rfc8 13. e3 a4 14. bxa4 Nc5 15. axb5 cxb5 16. d4 Na4 17. c5 Qc7 18. Qb3 Bb7 19. Ne5 Bc6 20. Bf1 Rcb8 21. Rc2 Be8 22. Bd3 Qa5 23. Bc1 Qc7 24. Nef3 g6 25. Rb1 Bc6 26. Bf1 Nd7 27. Bg2 Rb7 28. Nf1 e5 29. dxe5 Nxe5 30. Nxe5 Qxe5 31. Qb4 Qf5 32. e4 dxe4 33. Ne3 Qe5 34. Ng4 Qe6 35. Bh3 Qd5 36. Be3 Rd8 37. Rd2 Qc4 38. Rxd8+ Bxd8 39. Ne5 Qd5 40. Nxc6 Qxc6 41. Bg2 f5 42. Bf1 f4 43. gxf4 Qd7 44. Bg2 Rc7 45. Bxe4 1-0

[Event "Titled Tuesday intern op 17th Sep Late"]
[Site "Chess,com INT"]
[Date "2024.09.17"]
[Round "5"]
[White "Baches Garcia, Guillermo"]
[Black "Sari, Yasin"]
[Result "1/2-1/2"]
[WhiteElo "2322"]
[BlackElo "2304"]
[PlyCount "107"]
[EventDate "2024.09.17"]
[EventType "swiss (blitz)"]
[EventRounds "11"]
[EventCountry "USA"]
[SourceTitle "EXT 2025"]
[Source "ChessBase"]
[SourceDate "2024.10.14"]
[SourceVersion "1"]
[SourceVersionDate "2024.10.14"]
[SourceQuality "1"]

1. e4 c5 2. Nf3 d6 3. d4 cxd4 4. Nxd4 Nf6 5. Nc3 g6 6. g3 Nc6 7. Nde2 Bg7 8. Bg2 0-0 9. 0-0 Rb8 10. a4 a6 11. h3 b5 12. axb5 axb5 13. Nd5 Nxd5 14. exd5 Ne5 15. Ra2 Bb7 16. b3 Ra8 17. Rxa8 Qxa8 18. Be3 Rc8 19. Qd2 Nd7 20. Rd1 Nf6 21. Kh2 Qa2 22. Rc1 Nd7 23. Bd4 Nf6 24. Nf4 g5 25. Bxf6 Bxf6 26. Nh5 Qb2 27. Nxf6+ Qxf6 28. Re1 Rc5 29. Re3 e6 30. dxe6 Bxg2 31. exf7+ Qxf7 32. Kxg2 Rd5 33. Rd3 Rxd3 34. Qxg5+ Kf8 35. cxd3 Qxb3 36. Qd8+ Kf7 37. Qd7+ Kg8 38. Qxd6 b4 39. Qd8+ Kf7 40. Qd7+ Kg8 41. Qe8+ Kg7 42. Qe5+ Kf7 43. h4 Qc3 44. Qf5+ Kg7 45. Qg5+ Kf7 46. Qf4+ Kg7 47. h5 b3 48. h6+ Kg8 49. Qb8+ Kf7 50. Qb7+ Kg6 51. Qb6+ Kf7 52. Qb7+ Kg6 53. Qb6+ Kf7 54. Qb7+ 1/2-1/2

[Event "Titled Tuesday intern op 17th Sep Late"]
[Site "Chess,com INT"]
[Date "2024.09.17"]
[Round "7"]
[White "Pein, Jonathan"]
[Black "Sari, Yasin"]
[Result "1-0"]
[WhiteElo "2249"]
[BlackElo "2304"]
[PlyCount "101"]
[EventDate "2024.09.17"]
[EventType "swiss (blitz)"]
[EventRounds "11"]
[EventCountry "USA"]
[SourceTitle "EXT 2025"]
[Source "ChessBase"]
[SourceDate "2024.10.14"]
[SourceVersion "1"]
[SourceVersionDate "2024.10.14"]
[SourceQuality "1"]

1. Nf3 d5 2. b3 f6 3. Bb2 e5 4. e4 Bg4 5. exd5 Qxd5 6. Nc3 Qd7 7. h3 Bxf3 8. Qxf3 Nc6 9. Bb5 Nge7 10. 0-0-0 a6 11. Bc4 0-0-0 12. Rhe1 Nd4 13. Qe4 Nec6 14. g4 g6 15. Ne2 f5 16. Qg2 Bc5 17. Nxd4 Bxd4 18. c3 Bc5 19. d4 Be7 20. dxe5 Bg5+ 21. Kc2 Qe7 22. gxf5 Rxd1 23. Rxd1 Nxe5 24. Bxa6 c6 25. Be2 Qf6 26. Kb1 Qxf5+ 27. Ka1 Kb8 28. c4 Re8 29. Qg3 Bf4 30. Qc3 Nd7 31. Bg4 Qf7 32. Rxd7 Re7 33. Qh8+ Ka7 34. Qd4+ Ka6 35. Rxe7 Qxe7 36. Qxf4 Qe1+ 37. Qc1 Qe7 38. c5 h5 39. Bd1 Ka7 40. Bc2 g5 41. Bb1 g4 42. hxg4 h4 43. Qc4 h3 44. Qa4+ Kb8 45. Qf4+ Ka7 46. Qg3 Qh7 47. Bxh7 h2 48. Qxh2 Ka6 49. Qf4 b5 50. Qc7 b4 51. Bd3# 1-0

[Event "TUR-chT 1st League"]
[Site "Denizli"]
[Date "2024.07.16"]
[Round "2.55"]
[White "Sari, Yasin"]
[Black "Atabayev, Saparmyrat"]
[Result "0-1"]
[WhiteElo "2307"]
[BlackElo "2503"]
[PlyCount "123"]
[EventDate "2024.07.15"]
[EventType "team-swiss"]
[EventRounds "9"]
[EventCountry "TUR"]
[SourceTitle "EXT 2025"]
[Source "ChessBase"]
[SourceDate "2024.10.14"]
[SourceVersion "1"]
[SourceVersionDate "2024.10.14"]
[SourceQuality "1"]
[WhiteTeam "Bogazici Universitesi"]
[BlackTeam "Dogru Hamle Genclik"]
[WhiteTeamCountry "TUR"]
[BlackTeamCountry "TUR"]

1. d4 Nf6 2. Nc3 d5 3. Bf4 e6 4. Nb5 Na6 5. e3 c6 6. Nc3 Qb6 7. a3 c5 8. Nf3 Bd7 9. Rb1 Be7 10. Ne5 0-0 11. g4 Be8 12. h4 Nd7 13. g5 cxd4 14. Nxd7 Bxd7 15. exd4 Bd6 16. Be3 Rae8 17. Be2 Nc7 18. Qd2 Nb5 19. h5 Nxc3 20. Qxc3 Rc8 21. Qd2 Qc6 22. c3 e5 23. g6 fxg6 24. hxg6 hxg6 25. Rh4 Be7 26. Rh2 e4 27. Kd1 b5 28. Ra1 a5 29. Qe1 Bd6 30. Rh4 Be7 31. Rh2 Bf5 32. Qh1 b4 33. axb4 axb4 34. Ra7 Rc7 35. Rh8+ Kf7 36. Rxf8+ Bxf8 37. Rxc7+ Qxc7 38. Qe1 Bd7 39. f3 Bf5 40. fxe4 Bxe4 41. Qf1+ Kg8 42. Bg4 Qc6 43. Kd2 Qb6 44. c4 b3 45. Qh3 Qb4+ 46. Kd1 Bc2+ 47. Ke2 Qxc4+ 48. Kf2 Bf5 49. Bxf5 gxf5 50. Qxf5 Be7 51. Qe6+ Kf8 52. Qf5+ Bf6 53. Kg3 Ke7 54. Qf4 Qc2 55. Kh3 Kf7 56. Qf3 Ke6 57. Qg4+ Ke7 58. Qf4 g5 59. Qb8 Kf7 60. Qb7+ Kg6 61. Qxd5 Qf5+ 62. Kg3 0-1

[Event "Titled Tuesday intern op 09th Jul Late"]
[Site "Chess.com INT"]
[Date "2024.07.09"]
[Round "2"]
[White "Sari, Yasin"]
[Black "Poltorak, Sebastian"]
[Result "1-0"]
[WhiteElo "2307"]
[BlackElo "2391"]
[PlyCount "55"]
[EventDate "2024.07.09"]
[EventType "swiss (blitz)"]
[EventRounds "11"]
[EventCountry "USA"]
[SourceTitle "EXT 2025"]
[Source "ChessBase"]
[SourceDate "2024.10.14"]
[SourceVersion "1"]
[SourceVersionDate "2024.10.14"]
[SourceQuality "1"]

1. d4 Nf6 2. Nf3 g6 3. Nbd2 c5 4. dxc5 Na6 5. e4 Nxc5 6. e5 Nd5 7. Nb3 Nxb3 8. axb3 e6 9. Bc4 Nb6 10. Bb5 Bg7 11. Bg5 Qc7 12. Bf6 0-0 13. Qd2 Nd5 14. Bxg7 Kxg7 15. h4 h5 16. 0-0 a6 17. Rfe1 b6 18. Ng5 Bb7 19. Bd3 Ne7 20. Qf4 Nf5 21. Bxf5 exf5 22. c4 Qc6 23. f3 Rfe8 24. Rad1 Rad8 25. Rd6 Qc7 26. Qd4 Kg8 27. Qxb6 Bc6 28. Qxc7 1-0

[Event "Titled Tuesday intern op 02nd Jul Late"]
[Site "Chess.com INT"]
[Date "2024.07.02"]
[Round "5"]
[White "Gascon del Nogal, Jose Rafael"]
[Black "Sari, Yasin"]
[Result "1-0"]
[WhiteElo "2462"]
[BlackElo "2307"]
[PlyCount "45"]
[EventDate "2024.07.02"]
[EventType "swiss (blitz)"]
[EventRounds "11"]
[EventCountry "USA"]
[SourceTitle "EXT 2025"]
[Source "ChessBase"]
[SourceDate "2024.10.14"]
[SourceVersion "1"]
[SourceVersionDate "2024.10.14"]
[SourceQuality "1"]

1. d4 Nf6 2. Nf3 c5 3. c3 cxd4 4. cxd4 d5 5. Nc3 Nc6 6. Bf4 Bf5 7. e3 e6 8. Bb5 Bb4 9. Rc1 Ne4 10. Qa4 Bxc3+ 11. bxc3 0-0 12. Bxc6 bxc6 13. 0-0 c5 14. Rfd1 c4 15. Nd2 g5 16. Nxe4 gxf4 17. Nc5 f3 18. gxf3 Qg5+ 19. Kf1 Rab8 20. e4 Bh3+ 21. Ke2 dxe4 22. Rg1 exf3+ 23. Kxf3 1-0

[Event "Titled Tuesday intern op 02nd Jul Late"]
[Site "Chess.com INT"]
[Date "2024.07.02"]
[Round "8"]
[White "Pesotskiy, Mikhail"]
[Black "Sari, Yasin"]
[Result "1-0"]
[WhiteElo "2137"]
[BlackElo "2307"]
[PlyCount "91"]
[EventDate "2024.07.02"]
[EventType "swiss (blitz)"]
[EventRounds "11"]
[EventCountry "USA"]
[SourceTitle "EXT 2025"]
[Source "ChessBase"]
[SourceDate "2024.10.14"]
[SourceVersion "1"]
[SourceVersionDate "2024.10.14"]
[SourceQuality "1"]

1. d4 Nf6 2. c4 e6 3. Nc3 c5 4. d5 exd5 5. cxd5 d6 6. e4 g6 7. h3 Bg7 8. Nf3 0-0 9. Bd3 a6 10. a4 Re8 11. 0-0 Nbd7 12. Re1 Nh5 13. Be2 h6 14. Nd2 Nf4 15. Bf1 Ne5 16. Nc4 Nxc4 17. Bxf4 Ne5 18. Bh2 g5 19. f4 gxf4 20. Bxf4 Ng6 21. Bh2 Be5 22. Be2 Qg5 23. Bg4 h5 24. Bxc8 Raxc8 25. Rf1 Bxh2+ 26. Kxh2 Re5 27. Qf3 Rf8 28. Rf2 f5 29. Raf1 f4 30. Ne2 Rfe8 31. Nxf4 Nxf4 32. Qxf4 Qxf4+ 33. Rxf4 Rxe4 34. Rf6 Re2 35. b3 Rb2 36. Rxd6 Ree2 37. Rg6+ Kh7 38. Rg5 Kh6 39. h4 Rxb3 40. Rf6+ Kh7 41. Rf7+ Kh8 42. d6 Rd3 43. Re7 Red2 44. Rxh5+ Kg8 45. Rxc5 Kf8 46. Rc8# 1-0

[Event "Titled Tuesday intern op 02nd Jul Late"]
[Site "Chess.com INT"]
[Date "2024.07.02"]
[Round "4"]
[White "Sari, Yasin"]
[Black "Manvelyan, Mikayel"]
[Result "1-0"]
[WhiteElo "2307"]
[BlackElo "2289"]
[PlyCount "123"]
[EventDate "2024.07.02"]
[EventType "swiss (blitz)"]
[EventRounds "11"]
[EventCountry "USA"]
[SourceTitle "EXT 2025"]
[Source "ChessBase"]
[SourceDate "2024.10.14"]
[SourceVersion "1"]
[SourceVersionDate "2024.10.14"]
[SourceQuality "1"]

1. d4 d5 2. Nf3 Nf6 3. e3 c5 4. c3 Nc6 5. Bd3 e6 6. 0-0 Bd6 7. Nbd2 0-0 8. dxc5 Bxc5 9. e4 dxe4 10. Nxe4 Nxe4 11. Bxe4 f5 12. Bc2 Qf6 13. Bg5 Qg6 14. Qe2 h6 15. Bf4 Qg4 16. Bc7 Bd7 17. h3 Qh5 18. Rad1 Rf7 19. Bb3 Re8 20. Rd2 Bc8 21. Bh2 Kh8 22. Rfd1 Kh7 23. Bc4 g5 24. b4 Bb6 25. b5 Na5 26. Ne5 Qxe2 27. Bxe2 Rfe7 28. g4 Bc7 29. Bd3 b6 30. Nc6 Nxc6 31. bxc6 Bxh2+ 32. Kxh2 Kg7 33. Bb5 Rc7 34. Ba4 Kf7 35. gxf5 exf5 36. Rd6 Kg7 37. Bb3 b5 38. R1d2 f4 39. Bd5 Rf8 40. Bf3 Rf6 41. Bh5 Rxd6 42. Rxd6 Ba6 43. Rg6+ Kh7 44. Rd6 Kg7 45. Rd7+ Rxd7 46. cxd7 b4 47. d8Q bxc3 48. Qe7+ Kg8 49. Bg6 Bc4 50. Qh7+ Kf8 51. Qxh6+ Ke7 52. Qxg5+ Kd6 53. Qxf4+ Kc5 54. Qe3+ Kb4 55. Bc2 Bxa2 56. Qxa7 Bc4 57. Qb6+ Bb5 58. Bd3 c2 59. Qxb5+ Kc3 60. Qc4+ Kb2 61. Qxc2+ Ka1 62. Qb1# 1-0

[Event "Titled Tuesday intern op 25th Jun Late"]
[Site "Chess.com INT"]
[Date "2024.06.25"]
[Round "5"]
[White "Hilkevich, Zahar"]
[Black "Sari, Yasin"]
[Result "1-0"]
[WhiteElo "2022"]
[BlackElo "2307"]
[PlyCount "49"]
[EventDate "2024.06.25"]
[EventType "swiss (blitz)"]
[EventRounds "11"]
[EventCountry "USA"]
[SourceTitle "EXT 2025"]
[Source "ChessBase"]
[SourceDate "2024.10.14"]
[SourceVersion "1"]
[SourceVersionDate "2024.10.14"]
[SourceQuality "1"]

1. d4 Nf6 2. c4 c6 3. Nf3 d5 4. Nc3 dxc4 5. e4 e6 6. Bxc4 Bb4 7. Qc2 0-0 8. 0-0 h6 9. a3 Be7 10. h3 b5 11. Ba2 a6 12. Be3 Bb7 13. Rfd1 Nbd7 14. Rac1 Qc7 15. e5 Nd5 16. Nxd5 exd5 17. Bxd5 Rac8 18. e6 fxe6 19. Bxe6+ Kh8 20. Bxd7 Rxf3 21. Bxc8 Qxc8 22. gxf3 Qxh3 23. Qe4 Bd6 24. Bf4 c5 25. d5 1-0

[Event "Titled Tuesday intern op 11th Jun Late"]
[Site "Chess.com INT"]
[Date "2024.06.11"]
[Round "2"]
[White "Fiorito, Francisco"]
[Black "Sari, Yasin"]
[Result "1-0"]
[WhiteElo "2407"]
[BlackElo "2307"]
[PlyCount "101"]
[EventDate "2024.06.11"]
[EventType "swiss (blitz)"]
[EventRounds "11"]
[EventCountry "USA"]
[SourceTitle "EXT 2025"]
[Source "ChessBase"]
[SourceDate "2024.10.14"]
[SourceVersion "1"]
[SourceVersionDate "2024.10.14"]
[SourceQuality "1"]

1. Nf3 c5 2. g3 g6 3. d4 cxd4 4. Nxd4 Bg7 5. Bg2 Nc6 6. Nb3 Nf6 7. c4 0-0 8. 0-0 d6 9. Nc3 Ne5 10. c5 dxc5 11. Qxd8 Rxd8 12. Nxc5 Rb8 13. Bf4 Nh5 14. Bg5 Nc4 15. Rad1 Rxd1 16. Rxd1 Bf5 17. Nd5 Nxb2 18. Nxe7+ Kf8 19. Nxf5 Nxd1 20. Nd7+ Ke8 21. Nxb8 gxf5 22. Bxb7 Nc3 23. Bc6+ Kf8 24. Nd7+ Kg8 25. Bf3 Nxa2 26. Bxh5 a5 27. Nc5 Nc3 28. Bd2 Kf8 29. e3 Ke7 30. Bxc3 Bxc3 31. Na4 Bb4 32. Kg2 f6 33. Bd1 Kd6 34. Bc2 Ke5 35. f4+ Ke6 36. Kf3 h6 37. Nb6 Bc5 38. Bb3+ Kd6 39. Nc4+ Kc6 40. Ba4+ Kd5 41. Nxa5 Bb4 42. Nc6 Be1 43. Nd4 Bb4 44. Bb3+ Kd6 45. Nxf5+ Kd7 46. Nxh6 Ke8 47. e4 Kf8 48. Nf5 Bd2 49. h4 Bc3 50. h5 Bb4 51. h6 1-0

[Event "Titled Tuesday intern op 11th Jun Late"]
[Site "Chess.com INT"]
[Date "2024.06.11"]
[Round "4"]
[White "Portero Rubio, Martin"]
[Black "Sari, Yasin"]
[Result "0-1"]
[WhiteElo "2229"]
[BlackElo "2307"]
[PlyCount "66"]
[EventDate "2024.06.11"]
[EventType "swiss (blitz)"]
[EventRounds "11"]
[EventCountry "USA"]
[SourceTitle "EXT 2025"]
[Source "ChessBase"]
[SourceDate "2024.10.14"]
[SourceVersion "1"]
[SourceVersionDate "2024.10.14"]
[SourceQuality "1"]

1. e4 e5 2. Nf3 Nc6 3. Bb5 a6 4. Ba4 Nf6 5. 0-0 Be7 6. Re1 b5 7. Bb3 0-0 8. a4 b4 9. d4 d6 10. dxe5 Nxe5 11. Nbd2 Bb7 12. Nd4 g6 13. f3 c5 14. Ne2 d5 15. exd5 Bxd5 16. Bxd5 Qxd5 17. b3 Rad8 18. Bb2 Qxd2 19. Qxd2 Rxd2 20. Bxe5 Rxc2 21. Rac1 Rxc1 22. Rxc1 Rd8 23. Bxf6 Bxf6 24. Rxc5 Rd3 25. Rc6 Kg7 26. Rxa6 Rxb3 27. Rb6 Rb2 28. Kf1 b3 29. a5 Rb1+ 30. Kf2 b2 31. a6 Ra1 32. a7 Rxa7 33. Ke3 Ra1 0-1

[Event "Titled Tuesday intern op 11th Jun Late"]
[Site "Chess.com INT"]
[Date "2024.06.11"]
[Round "6"]
[White "Sari, Yasin"]
[Black "Bottazzi, Ulysse"]
[Result "0-1"]
[WhiteElo "2307"]
[BlackElo "2270"]
[PlyCount "144"]
[EventDate "2024.06.11"]
[EventType "swiss (blitz)"]
[EventRounds "11"]
[EventCountry "USA"]
[SourceTitle "EXT 2025"]
[Source "ChessBase"]
[SourceDate "2024.10.14"]
[SourceVersion "1"]
[SourceVersionDate "2024.10.14"]
[SourceQuality "1"]

1. d4 d5 2. Nf3 Nf6 3. e3 e6 4. Bd3 Bd6 5. 0-0 0-0 6. Nbd2 c5 7. c3 Nc6 8. dxc5 Bxc5 9. e4 dxe4 10. Nxe4 Nxe4 11. Bxe4 Qe7 12. Bxh7+ Kxh7 13. Ng5+ Kg6 14. h4 f5 15. h5+ Kf6 16. b4 Bd6 17. b5 Ne5 18. Nh7+ Kf7 19. Bg5 Qc7 20. Nxf8 Bxf8 21. h6 Ng4 22. Qxg4 fxg4 23. h7 Qc5 24. h8Q Qxg5 25. Rad1 Be7 26. Rd4 b6 27. Qh2 e5 28. Re4 Bf6 29. Rd1 Bf5 30. Rc4 Rc8 31. Rxc8 Bxc8 32. Qg3 Qf4 33. Qd3 Bf5 34. Qd5+ Kg6 35. c4 g3 36. fxg3 Qxg3 37. Qf3 Qxf3 38. gxf3 Be7 39. Re1 Bc5+ 40. Kg2 Bd4 41. Kg3 Bd3 42. Rc1 Kf5 43. Rd1 Bxc4 44. a4 Bb3 45. Rc1 Bxa4 46. Rc7 Bxb5 47. Rxa7 g5 48. Rf7+ Kg6 49. Rb7 Bc6 50. Rb8 Bd7 51. Rb7 Be6 52. Rb8 Bc4 53. Rd8 b5 54. Rd6+ Kf5 55. Rd8 b4 56. Rf8+ Ke6 57. Rc8 Bd3 58. Rb8 Bc3 59. Re8+ Kd7 60. Rg8 b3 61. Rxg5 b2 62. Rg7+ Kc6 63. Rg8 b1Q 64. Rc8+ Kd7 65. Rg8 Qg1+ 66. Kh4 Qxg8 67. f4 e4 68. Kh5 Be2+ 69. Kh4 Bf6+ 70. Kh3 Qg4+ 71. Kh2 Bf3 72. f5 Qg2# 0-1

[Event "Titled Tuesday intern op 11th Jun Late"]
[Site "Chess.com INT"]
[Date "2024.06.11"]
[Round "1"]
[White "Sari, Yasin"]
[Black "Trost, Edvin"]
[Result "0-1"]
[WhiteElo "2307"]
[BlackElo "2441"]
[PlyCount "88"]
[EventDate "2024.06.11"]
[EventType "swiss (blitz)"]
[EventRounds "11"]
[EventCountry "USA"]
[SourceTitle "EXT 2025"]
[Source "ChessBase"]
[SourceDate "2024.10.14"]
[SourceVersion "1"]
[SourceVersionDate "2024.10.14"]
[SourceQuality "1"]

1. d4 d5 2. Nc3 e6 3. Bf4 Nf6 4. Nb5 Bb4+ 5. c3 Ba5 6. a4 a6 7. b4 axb5 8. axb5 0-0 9. bxa5 Ne4 10. Qc2 c5 11. e3 Rxa5 12. Rb1 Nd7 13. f3 Nef6 14. Bd6 Re8 15. dxc5 e5 16. Ne2 e4 17. f4 Ng4 18. Qd2 Qh4+ 19. g3 Qh5 20. h3 Ngf6 21. Bg2 Qg6 22. g4 h5 23. f5 Qh6 24. Bf4 g5 25. Bd6 Ne5 26. Nc1 Nc4 27. Qf2 Qg7 28. Qg3 Nd7 29. Ne2 Ra2 30. Rc1 Nde5 31. Bxe5 Nxe5 32. Kf1 Nd3 33. Rd1 Bd7 34. gxh5 Bxb5 35. h4 Nf4 36. Re1 Nxe2 37. Rxe2 Rxe2 38. Kg1 gxh4 39. Qxg7+ Kxg7 40. Rxh4 Kf6 41. Rg4 Rxe3 42. Kf2 Rxc3 43. h6 e3+ 44. Ke1 Rc1# 0-1

[Event "Titled Tuesday intern op 04th Jun Late"]
[Site "Chess.com INT"]
[Date "2024.06.04"]
[Round "5"]
[White "Sari, Yasin"]
[Black "Shapiro, Viktor"]
[Result "1-0"]
[WhiteElo "2307"]
[BlackElo "2112"]
[PlyCount "61"]
[EventDate "2024.06.04"]
[EventType "swiss (blitz)"]
[EventRounds "11"]
[EventCountry "USA"]
[SourceTitle "EXT 2025"]
[Source "ChessBase"]
[SourceDate "2024.10.14"]
[SourceVersion "1"]
[SourceVersionDate "2024.10.14"]
[SourceQuality "1"]

1. d4 Nf6 2. Nf3 c5 3. dxc5 e6 4. a3 Bxc5 5. b4 Be7 6. Bb2 b6 7. e3 Bb7 8. Be2 0-0 9. 0-0 d6 10. c4 a6 11. Nc3 Nbd7 12. Qb3 Rc8 13. Rfd1 Qc7 14. Rac1 Qb8 15. Nd4 Ne5 16. Na4 Nfd7 17. f4 Nxc4 18. Bxc4 Rxc4 19. Qxc4 b5 20. Qc7 bxa4 21. Qxd7 Bf6 22. Rc7 Bd5 23. Ba1 e5 24. Nc6 Bxc6 25. Qxc6 exf4 26. Bxf6 gxf6 27. Rc1 fxe3 28. Rc8 Rxc8 29. Qxc8+ Qxc8 30. Rxc8+ Kg7 31. Re8 1-0